La Internacional Comunista y la escuela / (Record no. 83278)

MARC details
000 -LEADER
campo de control de longitud fija 00523nam a2200169 i 4500
001 - NÚMERO DE CONTROL
campo de control 83278
003 - IDENTIFICADOR DE NÚMERO DE CONTROL
campo de control ES-MaACL
005 - FECHA Y HORA DE LA ÚLTIMA TRANSACCIÓN
campo de control 20230906174814.0
007 - CAMPO FIJO DE DESCRIPCIÓN FÍSICA--INFORMACIÓN GENERAL
campo de control de longitud fija t|
008 - DATOS DE LONGITUD FIJA--INFORMACIÓN GENERAL
campo de control de longitud fija 041116s1978 sp ||||1| spa d
245 03 - MENCIÓN DEL TÍTULO
Título La Internacional Comunista y la escuela /
Mención de responsabilidad, etc. Edwin Hoernle... [et al.] ; [traducción, Marieta Cargatagli].
260 ## - PUBLICACIÓN, DISTRIBUCIÓN, ETC.
Lugar de publicación, distribución, etc. [Barcelona] :
Nombre del editor, distribuidor, etc. Icaria,
Fecha de publicación, distribución, etc. [1978]
300 ## - DESCRIPCIÓN FÍSICA
Extensión 188 p. ;
Dimensiones 20 cm.
700 1# - ENTRADA AGREGADA--NOMBRE PERSONAL
Nombre de persona Hoernle, Edwin.
9 (RLIN) 63927
700 1# - ENTRADA AGREGADA--NOMBRE PERSONAL
Nombre de persona Cargatagli, Marieta.
9 (RLIN) 35237
852 ## - LOCALIZACIÓN
Ubicación ES-MaACL
Número de control de estantería A-8694
Sublocalización o colección R.98017
Holdings
Estatus retirado Estado de pérdida Estado de daño No para préstamo Biblioteca de origen Biblioteca actual Ubicación en estantería Fecha de adquisición Fuente de adquisición Total de préstamos Signatura topográfica completa Código de barras Visto por última vez Precio de reemplazo Tipo de ítem Koha
        Biblioteca del Ateneo de Madrid Biblioteca del Ateneo de Madrid Depósito 1 17/01/2008     A-8694 1087042 23/02/2023 23/02/2023 Libro impreso